00711nam a2200265Ia 450000500170000000800460001702000180006303700100008104000080009104000080009904000080010704100080011504100080012308400080013110000250013924500590016426000230022326000090024636500050025536500100026085600530027094200100032399900210033395200910035420260324131650.0008 260324s9999 xx 000 0 eng d a9781315261270 aEBOOK aCRL beng cCRL 2eng aeng qCRL aJ.H. Bowman91183663 0aBritish Librarianship and Information Work 1991–2000 bTaylor and Francis c2006 a b67.99 uhttp://www.taylorfrancis.com/books/9781315261270 cEBOOK c1783749d1783749 00104070aCRLbCRLd2026-03-24l0pCL2065918r2026-03-24 13:16:50w2026-03-24yEBOOK